Loading...

Social Policy For Development

Bibliographic Details
Main Author: Hall,Anthony
Format: Printed Book
Language:Undetermined
Published: London: Sage, 2004
Subjects:
LEADER 00488nam a2200157Ia 4500
008 200110s9999||||xx |||||||||||||| ||und||
080 |a 303.44  |b HAL 
100 |a Hall,Anthony  
245 0 |a Social Policy For Development 
260 |a London:  |b Sage,   |c 2004 
300 |a 288 p.  |f PB 
500 |a General 
650 |a Social Policy Development  
942 |c BK 
999 |c 257181  |d 257181 
952 |0 0  |1 0  |4 0  |6 303_440000000000000_HAL  |7 0  |9 273105  |a SOC  |b SOC  |l 0  |o 303.44 HAL  |p SOC6772  |r 2020-01-14  |w 2020-01-14  |y BK